000 00776nam a22002291i 4500
001 105381
003 ES-MaACL
005 20250815082228.0
007 t|
008 060704s1956 sp |||| | spa d
080 _a338.98(46)"1939/..."
100 1 _aTorres, Manuel de.
_9110904
245 1 0 _aJuicio de la actual política económica española /
_cManuel de Torres.
260 _aMadrid :
_bAguilar,
_c1956.
300 _aXXVII, 268 p. :
_bil. ;
_c22 cm.
490 1 _aBiblioteca de ciencias sociales
651 4 _aEspaña-
_xPolítica económica-
_y1939-1955.
_98407
830 0 0 _aBiblioteca de ciencias sociales (Aguilar)
_9220462
852 _aES-MaACL
_jAND-176
_z. - Biblioteca Juan Andrade
852 _aES-MaACL
_jC-10323
999 _c105381
_d105381